000 00484nam a2200181Ia 4500
008 240925s9999 xx 000 0 und d
020 _a9789350140567
082 _a005.73 AGR
100 _aAgarwal, Udit
245 0 _aData Structures Using C
250 _a1st
260 _aNew Delhi:
_bKatson Books
_c,2014.
300 _a858p.
_b0
_fOriginal
500 _aIncludes Index
600 _aComputer Science
650 _aComputer science, information & general works
942 _cBK
999 _c13226
_d13226